[Event "VL18/19"]
[Site "Mecklenburg-Vorpommern"]
[Date "2019.01.20"]
[Round "5.2"]
[White "Lehmann, Ruben"]
[Black "Wagner, Ralph"]
[Result "1/2-1/2"]
[WhiteElo "1908"]
[BlackElo "2062"]
[PlyCount "82"]
[EventDate "2018.??.??"]
[EventType "team-tourn"]
[EventRounds "9"]
[EventCountry "GER"]
[WhiteTeam "SAV Torgelow"]
[BlackTeam "SF Schwerin III"]
[WhiteTeamCountry "GER"]
[BlackTeamCountry "GER"]

1. d4 d5 2. c4 c6 3. Nc3 Nf6 4. e3 a6 5. Bd3 Bg4 6. Qb3 Ra7 7. f3 Bh5 8. cxd5
cxd5 9. Nge2 e6 10. e4 Nc6 11. Bg5 Be7 12. Bxf6 Bxf6 13. exd5 exd5 14. Nxd5
Bh4+ 15. Kf1 O-O 16. Ndf4 Nxd4 17. Qc4 Nxe2 18. Nxh5 Qg5 19. Bxe2 Qxh5 20. Rd1
b5 21. Qg4 Qh6 22. g3 Bf6 23. b3 Qe3 24. Qe4 Qc5 25. Qd5 Qa3 26. Bd3 g6 27. Qc6
Kg7 28. Qc2 Rd8 29. Kg2 Rad7 30. Be2 Qe7 31. Rxd7 Rxd7 32. Rd1 Rc7 33. Qd3 Rc3
34. Qd2 Qc5 35. Bd3 Bg5 36. Qe2 Bf6 37. Rd2 Rc1 38. Rd1 Bd4 39. Rxc1 Qxc1 40.
Qf1 Qe3 41. a4 bxa4 1/2-1/2

[Event "VL18/19"]
[Site "Mecklenburg-Vorpommern"]
[Date "2019.01.20"]
[Round "5.3"]
[White "Wandel, Bernd"]
[Black "Zentgraf, Robert"]
[Result "0-1"]
[WhiteElo "2036"]
[BlackElo "2105"]
[PlyCount "58"]
[EventDate "2018.??.??"]
[EventType "team-tourn"]
[EventRounds "9"]
[EventCountry "GER"]
[WhiteTeam "SF Schwerin III"]
[BlackTeam "SAV Torgelow"]
[WhiteTeamCountry "GER"]
[BlackTeamCountry "GER"]

1. d4 Nf6 2. c4 g6 3. Nc3 Bg7 4. e4 d6 5. f3 O-O 6. Be3 c5 7. Nge2 cxd4 8. Nxd4
Nc6 9. Qd2 Bd7 10. Be2 Nxd4 11. Bxd4 Bc6 12. O-O Nd7 13. Bxg7 Kxg7 14. Qd4+ Kg8
15. Rad1 Qb6 16. Nd5 Bxd5 17. exd5 Rfc8 18. Rfe1 Rc7 19. g4 g5 20. Qxb6 axb6
21. Ra1 Ne5 22. b3 Ra3 23. Kf2 Rc8 24. Reb1 Kg7 25. Rb2 Rh8 26. Ke3 h5 27. f4
gxf4+ 28. Kxf4 hxg4 29. Bxg4 Nd3+ 0-1

[Event "VL18/19"]
[Site "Mecklenburg-Vorpommern"]
[Date "2019.01.20"]
[Round "5.6"]
[White "Bress, Aaron"]
[Black "Kross, Gunnar"]
[Result "1/2-1/2"]
[WhiteElo "1831"]
[BlackElo "1933"]
[PlyCount "79"]
[EventDate "2018.??.??"]
[EventType "team-tourn"]
[EventRounds "9"]
[EventCountry "GER"]
[WhiteTeam "SAV Torgelow"]
[BlackTeam "SF Schwerin III"]
[WhiteTeamCountry "GER"]
[BlackTeamCountry "GER"]

1. e4 c6 2. d4 d5 3. e5 Bf5 4. g4 Be4 5. f3 Bg6 6. h4 h5 7. Bd3 Bxd3 8. Qxd3 e6
9. Bg5 Be7 10. Bxe7 Nxe7 11. Ne2 Nd7 12. Nd2 c5 13. c3 Nc6 14. g5 g6 15. Nf4
Ne7 16. Nf1 cxd4 17. cxd4 Rc8 18. Ne3 Qb6 19. b3 Qb4+ 20. Ke2 O-O 21. a3 Qc3
22. Rab1 Rc6 23. Qxc3 Rxc3 24. Rhc1 Rfc8 25. Rxc3 Rxc3 26. Kd2 Rc6 27. Nd3 Kf8
28. Rc1 Ke8 29. Nb4 Rb6 30. Rc3 Kd8 31. Kd3 Nb8 32. Rc5 Nbc6 33. Nxc6+ Nxc6 34.
Rc3 Kd7 35. Nc2 Ne7 36. Ne3 Nc6 37. Nc2 Na5 38. Na1 Rc6 39. Nc2 Rb6 40. Na1
1/2-1/2

[Event "VL18/19"]
[Site "Mecklenburg-Vorpommern"]
[Date "2019.01.20"]
[Round "5.7"]
[White "Schmidt, Arne"]
[Black "Troemer, Felix"]
[Result "0-1"]
[WhiteElo "1703"]
[BlackElo "1808"]
[PlyCount "110"]
[EventDate "2018.??.??"]
[EventType "team-tourn"]
[EventRounds "9"]
[EventCountry "GER"]
[WhiteTeam "SF Schwerin III"]
[BlackTeam "SAV Torgelow"]
[WhiteTeamCountry "GER"]
[BlackTeamCountry "GER"]

1. Nf3 Nf6 2. g3 b6 3. Bg2 Bb7 4. O-O e6 5. c4 Be7 6. d3 O-O 7. a3 c5 8. Bd2
Nc6 9. Ne5 Qc7 10. Nxc6 Bxc6 11. e4 d5 12. Nc3 Qb7 13. e5 Nd7 14. f4 Rad8 15.
Qg4 dxc4 16. Bxc6 Qxc6 17. dxc4 Nxe5 18. fxe5 Rxd2 19. Ne4 Rxb2 20. Rf3 h5 21.
Qf4 Re2 22. Nf6+ Bxf6 23. exf6 gxf6 24. Qxf6 Qe4 25. Qg5+ Qg6 26. Qe7 Qg7 27.
Rd1 f5 28. Rd7 Qxe7 29. Rxe7 Rf7 30. Re8+ Kg7 31. Rd3 Kf6 32. Rd6 Re7 33. Rh8
Ke5 34. Rd1 Re4 35. Rc1 Rd7 36. Rc2 Rdd4 37. Rh7 h4 38. Rxa7 hxg3 39. hxg3 Rxc4
40. Rb2 Ra4 41. Re7 Rxa3 42. Rxb6 Kf6 43. Rh7 Rxg3+ 44. Kf2 Rgg4 45. Rc6 c4 46.
Kf3 Rh4 47. Rd7 c3 48. Rdc7 Rh3+ 49. Kg2 Ree3 50. Rc4 e5 51. Rc8 e4 52. Rg8 Ke5
53. Rc5+ Kf4 54. Rf8 Rh5 55. Rf7 Reh3 0-1

[Event "VL18/19"]
[Site "Mecklenburg-Vorpommern"]
[Date "2019.01.20"]
[Round "5.8"]
[White "Grossmann, Piet"]
[Black "Zeeck, Detlef"]
[Result "1/2-1/2"]
[WhiteElo "1688"]
[BlackElo "1676"]
[PlyCount "62"]
[EventDate "2018.??.??"]
[EventType "team-tourn"]
[EventRounds "9"]
[EventCountry "GER"]
[WhiteTeam "SAV Torgelow"]
[BlackTeam "SF Schwerin III"]
[WhiteTeamCountry "GER"]
[BlackTeamCountry "GER"]

1. e4 c6 2. d4 d5 3. exd5 cxd5 4. Bd3 Nc6 5. c3 Qc7 6. Ne2 Nf6 7. Bf4 e5 8.
dxe5 Nxe5 9. Bb5+ Bd7 10. Bxd7+ Kxd7 11. O-O Bd6 12. Nd4 a6 13. Nd2 Nc4 14.
Bxd6 Nxd6 15. Re1 Rhe8 16. Qc2 Rxe1+ 17. Rxe1 Re8 18. Rxe8 Kxe8 19. Nf1 Qe7 20.
f3 Kf8 21. Qe2 Qxe2 22. Nxe2 Ke7 23. Nd4 g6 24. Kf2 Nc4 25. b3 Ne5 26. Ke3 Kd6
27. a4 Ned7 28. Nd2 Ne5 29. Nb1 Nfd7 30. Na3 Nc5 31. Nac2 Nc6 1/2-1/2

[Event "VL18/19"]
[Site "Mecklenburg-Vorpommern"]
[Date "2019.01.20"]
[Round "5.1"]
[White "Montag, Ralf"]
[Black "Mangold, Thomas"]
[Result "0-1"]
[WhiteElo "1948"]
[BlackElo "2055"]
[PlyCount "82"]
[EventDate "2018.??.??"]
[EventType "team-tourn"]
[EventRounds "9"]
[EventCountry "GER"]
[WhiteTeam "VT Ludwigslust"]
[BlackTeam "SSC Rostock"]
[WhiteTeamCountry "GER"]
[BlackTeamCountry "GER"]

1. g3 e5 2. c4 Nf6 3. Bg2 c6 4. Nc3 Bb4 5. Qb3 Na6 6. Nf3 d6 7. O-O O-O 8. d3
Re8 9. a3 Ba5 10. Qc2 d5 11. b4 Bc7 12. Bg5 dxc4 13. dxc4 h6 14. Rfd1 Qe7 15.
Bxf6 Qxf6 16. c5 Bf5 17. e4 Bg4 18. Rd3 Rad8 19. Rad1 Nb8 20. Rxd8 Rxd8 21.
Rxd8+ Qxd8 22. Qd2 Qe7 23. h3 Be6 24. Nh4 a5 25. Nf5 Qd7 26. Qxd7 Nxd7 27. Kf1
Kf8 28. Ke2 axb4 29. axb4 Nb8 30. Nd6 Bxd6 31. cxd6 Na6 32. b5 cxb5 33. Kd2 Bc4
34. f4 f6 35. Bf3 Nc5 36. Nd5 Bxd5 37. exd5 exf4 38. gxf4 Ke8 39. Kc3 Kd7 40.
Kb4 Kxd6 41. Kxb5 Nd3 0-1

[Event "VL18/19"]
[Site "Mecklenburg-Vorpommern"]
[Date "2019.01.20"]
[Round "5.2"]
[White "Pererva, Viktor"]
[Black "Wiemer, Juergen"]
[Result "1-0"]
[WhiteElo "2080"]
[BlackElo "1915"]
[PlyCount "75"]
[EventDate "2018.??.??"]
[EventType "team-tourn"]
[EventRounds "9"]
[EventCountry "GER"]
[WhiteTeam "SSC Rostock"]
[BlackTeam "VT Ludwigslust"]
[WhiteTeamCountry "GER"]
[BlackTeamCountry "GER"]

1. d4 Nf6 2. c4 e6 3. Nc3 Bb4 4. e3 O-O 5. Nge2 d5 6. a3 Be7 7. Nf4 b6 8. cxd5
exd5 9. Be2 Bb7 10. Bf3 Re8 11. O-O Bd6 12. Re1 c6 13. e4 dxe4 14. Nxe4 Nxe4
15. Rxe4 Rxe4 16. Bxe4 Nd7 17. Be3 Nf6 18. Bf3 Qc7 19. g3 Rc8 20. Rc1 Qd7 21.
Qa4 a6 22. Bg2 b5 23. Qd1 Rc7 24. Nd3 Nd5 25. Nc5 Nxe3 26. fxe3 Qe8 27. e4 Bc8
28. e5 Be7 29. Nb3 f6 30. d5 fxe5 31. d6 Rd7 32. Bxc6 Rxd6 33. Bxe8 Rxd1+ 34.
Rxd1 Be6 35. Nc1 Bc5+ 36. Kg2 Bd4 37. Rxd4 exd4 38. Kf2 1-0

[Event "VL18/19"]
[Site "Mecklenburg-Vorpommern"]
[Date "2019.01.20"]
[Round "5.3"]
[White "Illgen, Alexander"]
[Black "Meuer, Martin"]
[Result "1-0"]
[WhiteElo "1898"]
[BlackElo "2116"]
[PlyCount "123"]
[EventDate "2018.??.??"]
[EventType "team-tourn"]
[EventRounds "9"]
[EventCountry "GER"]
[WhiteTeam "VT Ludwigslust"]
[BlackTeam "SSC Rostock"]
[WhiteTeamCountry "GER"]
[BlackTeamCountry "GER"]

1. d4 d5 2. c4 Nc6 3. Nc3 Nf6 4. Nf3 Bg4 5. e3 e6 6. a3 Be7 7. cxd5 exd5 8. Be2
O-O 9. O-O Re8 10. b4 Bd6 11. h3 Bh5 12. Bd2 Ne7 13. Qc2 Bg6 14. Bd3 Bxd3 15.
Qxd3 Ng6 16. Rfc1 Bf8 17. Rc2 Ne4 18. Be1 Rc8 19. Rac1 Qd7 20. Nd2 f5 21. Nb3
f4 22. Nc5 Nxc5 23. dxc5 Rcd8 24. exf4 Nxf4 25. Qf3 Ne6 26. Ne2 d4 27. Rd2 Be7
28. Rcd1 Bf6 29. Qxb7 Ng5 30. Kf1 Qe6 31. Ng3 d3 32. Qb5 a6 33. Qa4 Bc3 34. Rc1
Be5 35. Qd1 Bf4 36. Rc3 Bxg3 37. fxg3 Ne4 38. Rcxd3 Qc4 39. Kg1 Nxd2 40. Rxd2
Rxd2 41. Qxd2 a5 42. g4 h6 43. Bg3 Re2 44. Qf4 Qxf4 45. Bxf4 axb4 46. axb4 c6
47. Bc7 Rb2 48. Ba5 Kf7 49. Kh2 Rb3 50. h4 Ke6 51. g3 Rb2+ 52. Kh3 g6 53. Bc7
Rxb4 54. Bf4 h5 55. gxh5 gxh5 56. Bd6 Rb2 57. g4 Rb3+ 58. Bg3 Kd5 59. gxh5 Kxc5
60. h6 Rb7 61. Be5 Kd5 62. Bg7 1-0

[Event "VL18/19"]
[Site "Mecklenburg-Vorpommern"]
[Date "2019.01.20"]
[Round "5.4"]
[White "Hodl, Ingolf"]
[Black "Krueger, Horst"]
[Result "1-0"]
[WhiteElo "1855"]
[BlackElo "1899"]
[PlyCount "43"]
[EventDate "2018.??.??"]
[EventType "team-tourn"]
[EventRounds "9"]
[EventCountry "GER"]
[WhiteTeam "SSC Rostock"]
[BlackTeam "VT Ludwigslust"]
[WhiteTeamCountry "GER"]
[BlackTeamCountry "GER"]

1. e4 c5 2. Nf3 d6 3. d4 cxd4 4. Nxd4 Nf6 5. Nc3 g6 6. f4 Bg7 7. e5 dxe5 8.
fxe5 Nfd7 9. e6 Ne5 10. Bb5+ Nec6 11. exf7+ Kxf7 12. Bc4+ Ke8 13. Ndb5 Qxd1+
14. Nxd1 Na6 15. O-O Bf5 16. Ne3 Rf8 17. Nxf5 gxf5 18. c3 Rd8 19. Be3 b6 20.
Nxa7 Nxa7 21. Bxb6 Nc6 22. Bxd8 1-0

[Event "VL18/19"]
[Site "Mecklenburg-Vorpommern"]
[Date "2019.01.20"]
[Round "5.5"]
[White "Hilpert, Andreas"]
[Black "Krautschick, Clemens"]
[Result "1/2-1/2"]
[WhiteElo "1860"]
[BlackElo "1828"]
[PlyCount "122"]
[EventDate "2018.??.??"]
[EventType "team-tourn"]
[EventRounds "9"]
[EventCountry "GER"]
[WhiteTeam "VT Ludwigslust"]
[BlackTeam "SSC Rostock"]
[WhiteTeamCountry "GER"]
[BlackTeamCountry "GER"]

1. d4 e6 2. Nf3 Nf6 3. e3 d5 4. c4 c6 5. Nc3 Bd6 6. Bd3 O-O 7. e4 dxe4 8. Nxe4
Nxe4 9. Bxe4 f5 10. Bc2 Nd7 11. O-O e5 12. c5 Be7 13. Bb3+ Kh8 14. Nxe5 Nxe5
15. dxe5 Qc7 16. f4 Bxc5+ 17. Kh1 Qe7 18. Qf3 Be6 19. Be3 Bb6 20. Bxb6 axb6 21.
Rfd1 Rfd8 22. h3 g6 23. Rxd8+ Rxd8 24. Rd1 Rxd1+ 25. Qxd1 Bxb3 26. Qxb3 b5 27.
Kh2 Kg7 28. Qd3 Kf7 29. Qd4 Ke6 30. b4 h6 31. a3 g5 32. g3 Qd7 33. Qxd7+ Kxd7
34. Kg2 Ke6 35. Kf2 b6 36. Ke3 c5 37. bxc5 bxc5 38. Kd3 Kd5 39. Kc3 Kc6 40. Kb3
c4+ 41. Kb4 gxf4 42. gxf4 Kd5 43. Kc3 Kc5 44. Kc2 Kd5 45. Kd2 h5 46. h4 Kc5 47.
Kc3 Kd5 48. Kb4 Kd4 49. e6 c3 50. Kb3 Kd3 51. e7 c2 52. e8=Q c1=Q 53. Qxb5+ Ke3
54. Qe5+ Kf3 55. Qc3+ Qxc3+ 56. Kxc3 Kxf4 57. Kd2 Kg3 58. Ke2 Kg2 59. Ke3 Kg3
60. Ke2 Kg2 61. Ke3 Kg3 1/2-1/2

[Event "VL18/19"]
[Site "Mecklenburg-Vorpommern"]
[Date "2019.01.20"]
[Round "5.6"]
[White "Hingst, Silke"]
[Black "Meier, Klaus"]
[Result "1/2-1/2"]
[WhiteElo "1844"]
[BlackElo "1805"]
[PlyCount "144"]
[EventDate "2018.??.??"]
[EventType "team-tourn"]
[EventRounds "9"]
[EventCountry "GER"]
[WhiteTeam "SSC Rostock"]
[BlackTeam "VT Ludwigslust"]
[WhiteTeamCountry "GER"]
[BlackTeamCountry "GER"]

1. e4 c5 2. d4 cxd4 3. c3 dxc3 4. Nxc3 Nc6 5. Nf3 d6 6. Bc4 e6 7. O-O Nf6 8.
Qe2 a6 9. Rd1 Qc7 10. a3 Be7 11. Bf4 Ne5 12. Ba2 Nxf3+ 13. Qxf3 Bd7 14. Rac1
Bc6 15. Qd3 Rd8 16. f3 Qb8 17. b4 b5 18. Nd5 Bxd5 19. exd5 e5 20. Be3 O-O 21.
Rc6 Qa8 22. Rdc1 Rc8 23. Qf5 Rxc6 24. Rxc6 g6 25. Qc2 Re8 26. Bb6 Nd7 27. Ba5
Qa7+ 28. Qf2 Qxf2+ 29. Kxf2 Nb8 30. Rb6 Rc8 31. Kg3 Kf8 32. Rb7 Ke8 33. Bb3 Bd8
34. Bxd8 Rxd8 35. a4 Nd7 36. axb5 axb5 37. Rxb5 Ra8 38. Ra5 Rb8 39. Ba4 Rxb4
40. Ra8+ Ke7 41. Ra7 Rxa4 42. Rxa4 Nb6 43. Ra7+ Ke8 44. Ra5 Ke7 45. Kf2 h6 46.
Ke2 f5 47. Kd3 Nd7 48. Ra7 Ke8 49. Kc4 Nb6+ 50. Kb5 Nxd5 51. Kc6 Ne3 52. Kxd6
e4 53. fxe4 fxe4 54. Re7+ Kf8 55. Rxe4 Nxg2 56. Rg4 Ne3 57. Rxg6 Kf7 58. Rg1
Kf6 59. Kc5 Kf5 60. h3 Kf4 61. Kd6 Kf5 62. Ke7 h5 63. Kf7 Nd5 64. Ra1 Nf4 65.
Ra5+ Ke4 66. h4 Kf3 67. Rg5 Ke4 68. Kg8 Ke3 69. Kh7 Kf3 70. Kh6 Ke4 71. Ra5 Kf3
72. Rxh5 Kg4 1/2-1/2

[Event "VL18/19"]
[Site "Mecklenburg-Vorpommern"]
[Date "2019.01.20"]
[Round "5.7"]
[White "Zacharias, Uwe"]
[Black "Hartzendorf, Jonathan"]
[Result "0-1"]
[WhiteElo "1834"]
[BlackElo "1773"]
[PlyCount "94"]
[EventDate "2018.??.??"]
[EventType "team-tourn"]
[EventRounds "9"]
[EventCountry "GER"]
[WhiteTeam "VT Ludwigslust"]
[BlackTeam "SSC Rostock"]
[WhiteTeamCountry "GER"]
[BlackTeamCountry "GER"]

1. d4 Nf6 2. c4 e5 3. dxe5 Ng4 4. Nf3 Nc6 5. e3 Ngxe5 6. Nxe5 Nxe5 7. Be2 Bb4+
8. Bd2 Qe7 9. O-O Bxd2 10. Nxd2 b6 11. Nf3 Bb7 12. Nxe5 Qxe5 13. Bf3 Bxf3 14.
Qxf3 O-O 15. b3 a5 16. Rad1 d6 17. Qc6 Qc5 18. Qd5 a4 19. Rb1 axb3 20. axb3 Ra3
21. b4 Qxd5 22. cxd5 Rfa8 23. Rfc1 R8a7 24. g3 Ra2 25. Rc3 Rd2 26. Rbc1 Raa2
27. Rxc7 g6 28. Rf1 Rxd5 29. Rc6 Rb5 30. Rb1 d5 31. Rd6 Ra4 32. Rc1 Rbxb4 33.
Rc8+ Kg7 34. Rxd5 Rb2 35. Rd1 Raa2 36. Rf1 b5 37. Rcc1 b4 38. Rb1 b3 39. Kg2
Kf6 40. Rxb2 Rxb2 41. Rd1 Ke6 42. Rd4 Rc2 43. Rb4 b2 44. g4 Kd5 45. Kf3 Kc5 46.
Rb7 Kc4 47. Ke4 Kc3 0-1

[Event "VL18/19"]
[Site "Mecklenburg-Vorpommern"]
[Date "2019.01.20"]
[Round "5.8"]
[White "Schulze, Christoph"]
[Black "Moutaqi, Sandra"]
[Result "0-1"]
[WhiteElo "1641"]
[BlackElo "1745"]
[PlyCount "50"]
[EventDate "2018.??.??"]
[EventType "team-tourn"]
[EventRounds "9"]
[EventCountry "GER"]
[WhiteTeam "SSC Rostock"]
[BlackTeam "VT Ludwigslust"]
[WhiteTeamCountry "GER"]
[BlackTeamCountry "GER"]

1. e4 c5 2. Nc3 Nc6 3. g3 d6 4. Bg2 Nf6 5. d3 g6 6. Be3 Ng4 7. Bd2 Bg7 8. f3
Nge5 9. f4 Ng4 10. h3 Nf6 11. Nf3 Nh5 12. g4 Nf6 13. Be3 Qb6 14. Rb1 Be6 15.
O-O Rd8 16. Ne2 Bxa2 17. Ra1 Qxb2 18. c4 Nd7 19. Rc1 Nb4 20. d4 Bb3 21. Qd2
Qxd2 22. Nxd2 Ba4 23. Nc3 cxd4 24. Nxa4 dxe3 25. Nf3 e2 0-1

[Event "VL18/19"]
[Site "Mecklenburg-Vorpommern"]
[Date "2019.01.20"]
[Round "5.1"]
[White "Stutz, Reno"]
[Black "Luethke, Hans Eckart"]
[Result "1/2-1/2"]
[WhiteElo "1956"]
[BlackElo "2100"]
[PlyCount "20"]
[EventDate "2018.??.??"]
[EventType "team-tourn"]
[EventRounds "9"]
[EventCountry "GER"]
[WhiteTeam "Gruen-Weiss Wismar"]
[BlackTeam "Graal-Mueritz"]
[WhiteTeamCountry "GER"]
[BlackTeamCountry "GER"]

1. d4 d5 2. Nf3 Nf6 3. e3 g6 4. Bd3 Bg7 5. Nbd2 O-O 6. O-O Bg4 7. b3 c5 8. Bb2
cxd4 9. exd4 Nc6 10. h3 Bxf3 1/2-1/2

[Event "VL18/19"]
[Site "Mecklenburg-Vorpommern"]
[Date "2019.01.20"]
[Round "5.6"]
[White "Jeske, Holger"]
[Black "Bahr, Enrico"]
[Result "1/2-1/2"]
[WhiteElo "1820"]
[BlackElo "1874"]
[PlyCount "26"]
[EventDate "2018.??.??"]
[EventType "team-tourn"]
[EventRounds "9"]
[EventCountry "GER"]
[WhiteTeam "Graal-Mueritz"]
[BlackTeam "Gruen-Weiss Wismar"]
[WhiteTeamCountry "GER"]
[BlackTeamCountry "GER"]

1. d4 Nf6 2. Nf3 g6 3. e3 Bg7 4. Be2 d6 5. O-O O-O 6. c4 Bg4 7. Nc3 Nbd7 8. b3
Re8 9. Bb2 c6 10. Nd2 Bxe2 11. Nxe2 Qc7 12. Rc1 a5 13. f3 Rad8 1/2-1/2

[Event "VL18/19"]
[Site "Mecklenburg-Vorpommern"]
[Date "2019.01.20"]
[Round "5.8"]
[White "Schumann, Lutz"]
[Black "Podolskiy, Alexander"]
[Result "1/2-1/2"]
[WhiteElo "1756"]
[BlackElo "1823"]
[PlyCount "20"]
[EventDate "2018.??.??"]
[EventType "team-tourn"]
[EventRounds "9"]
[EventCountry "GER"]
[WhiteTeam "Graal-Mueritz"]
[BlackTeam "Gruen-Weiss Wismar"]
[WhiteTeamCountry "GER"]
[BlackTeamCountry "GER"]

1. c4 e5 2. Nf3 Nc6 3. Nc3 Bc5 4. e3 d6 5. Be2 Nf6 6. O-O O-O 7. d4 Bb6 8. a3
a6 9. Qc2 Re8 10. d5 Ne7 1/2-1/2

[Event "VL18/19"]
[Site "Mecklenburg-Vorpommern"]
[Date "2019.02.24"]
[Round "6.1"]
[White "Hornych, Christoph"]
[Black "Wolke, Heiko"]
[Result "1-0"]
[WhiteElo "2079"]
[BlackElo "1961"]
[PlyCount "47"]
[EventDate "2018.??.??"]
[EventType "team-tourn"]
[EventRounds "9"]
[EventCountry "GER"]
[WhiteTeam "SF Schwerin II"]
[BlackTeam "SFO Warnemuende"]
[WhiteTeamCountry "GER"]
[BlackTeamCountry "GER"]

1. e4 c6 2. c4 d5 3. exd5 cxd5 4. d4 Nf6 5. Nc3 g6 6. Nf3 Bg7 7. c5 O-O 8. Bd3
Nc6 9. h3 Ne4 10. Nxe4 dxe4 11. Bxe4 Nxd4 12. O-O Nc6 13. Qe2 Qc7 14. Rb1 a5
15. Rd1 Be6 16. b3 Rfd8 17. Bb2 Bxb2 18. Qxb2 Rd7 19. a3 Rad8 20. Rxd7 Rxd7 21.
b4 axb4 22. axb4 Qf4 23. Re1 f5 24. Bxc6 1-0

[Event "VL18/19"]
[Site "Mecklenburg-Vorpommern"]
[Date "2019.02.24"]
[Round "6.2"]
[White "Ruesch, Hans Joachim"]
[Black "Schreiber, Kevin"]
[Result "0-1"]
[WhiteElo "1959"]
[BlackElo "2065"]
[PlyCount "84"]
[EventDate "2018.??.??"]
[EventType "team-tourn"]
[EventRounds "9"]
[EventCountry "GER"]
[WhiteTeam "SFO Warnemuende"]
[BlackTeam "SF Schwerin II"]
[WhiteTeamCountry "GER"]
[BlackTeamCountry "GER"]

1. Nf3 Nf6 2. g3 d6 3. Bg2 Nbd7 4. O-O e5 5. d3 g6 6. e4 Bg7 7. c3 O-O 8. Nbd2
c6 9. a4 Qc7 10. Re1 Re8 11. Nf1 d5 12. b4 Nf8 13. Bg5 h6 14. Bxf6 Bxf6 15.
N3d2 Be6 16. c4 dxc4 17. dxc4 Rad8 18. Qf3 Bg5 19. Qc3 a5 20. Nf3 axb4 21. Qxb4
Be7 22. Qc3 Bc5 23. Rab1 Nd7 24. Ne3 b6 25. Nd1 Ra8 26. Qc1 Kg7 27. Nb2 Ba3 28.
Qc2 Nc5 29. Bf1 Bg4 30. Re3 Bxb2 31. Rxb2 Rxa4 32. Qb1 Rea8 33. Kg2 Ra1 34. Qc2
Ne6 35. Be2 Qc8 36. h4 Bxf3+ 37. Bxf3 Nd4 38. Qc3 Rh1 39. g4 Raa1 40. Kg3 Rag1+
41. Bg2 Qd8 42. g5 Qd7 0-1

[Event "VL18/19"]
[Site "Mecklenburg-Vorpommern"]
[Date "2019.02.24"]
[Round "6.3"]
[White "Grahl, Arvid"]
[Black "Hamann, Dirk"]
[Result "1-0"]
[WhiteElo "2100"]
[BlackElo "1880"]
[PlyCount "77"]
[EventDate "2018.??.??"]
[EventType "team-tourn"]
[EventRounds "9"]
[EventCountry "GER"]
[WhiteTeam "SF Schwerin II"]
[BlackTeam "SFO Warnemuende"]
[WhiteTeamCountry "GER"]
[BlackTeamCountry "GER"]

1. d4 Nf6 2. c4 e5 3. dxe5 Ng4 4. Bf4 Nc6 5. Nf3 Bb4+ 6. Nbd2 Qe7 7. e3 Ngxe5
8. Nxe5 Nxe5 9. Be2 O-O 10. O-O Bxd2 11. Qxd2 d6 12. b4 Bf5 13. Qc3 Rfe8 14.
Rfd1 Qf6 15. Qd4 Qg6 16. c5 Nc6 17. Qc3 dxc5 18. Qxc5 Rac8 19. b5 Nd8 20. Qxa7
Ne6 21. Bf3 Be4 22. Bxe4 Qxe4 23. f3 Qf5 24. Qxb7 Nxf4 25. exf4 Qxf4 26. Qd5
Qe3+ 27. Kh1 h6 28. a4 Qf2 29. Rf1 Qe3 30. h3 Rcd8 31. Qc6 Qf4 32. Rfe1 Rxe1+
33. Rxe1 Rd4 34. a5 h5 35. a6 Qh4 36. Ra1 Qg3 37. a7 Rh4 38. a8=Q+ Kh7 39. Qc8
1-0

[Event "VL18/19"]
[Site "Mecklenburg-Vorpommern"]
[Date "2019.02.24"]
[Round "6.4"]
[White "Herholz, Holger"]
[Black "Hasselmann, Dieter"]
[Result "0-1"]
[WhiteElo "1783"]
[BlackElo "2075"]
[PlyCount "66"]
[EventDate "2018.??.??"]
[EventType "team-tourn"]
[EventRounds "9"]
[EventCountry "GER"]
[WhiteTeam "SFO Warnemuende"]
[BlackTeam "SF Schwerin II"]
[WhiteTeamCountry "GER"]
[BlackTeamCountry "GER"]

1. d4 d5 2. c4 e6 3. e3 Nf6 4. Nc3 Be7 5. Nf3 O-O 6. cxd5 exd5 7. Be2 c6 8. O-O
Bf5 9. Ne5 Nbd7 10. Nxd7 Qxd7 11. Bd3 Rfe8 12. Bxf5 Qxf5 13. Ne2 Bd6 14. Ng3
Qg6 15. Qf3 Ne4 16. Nxe4 dxe4 17. Qh3 Re6 18. g3 Rae8 19. Bd2 f5 20. Rae1 Qf7
21. a3 Rh6 22. Qg2 Rg6 23. f4 Qb3 24. Bc1 c5 25. Qd2 cxd4 26. Qxd4 Rc8 27. Rd1
Bc5 28. Qd5+ Qxd5 29. Rxd5 Bb6 30. Kf2 Rc2+ 31. Rd2 Rgc6 32. Rxc2 Rxc2+ 33. Kg1
Rxc1 0-1

[Event "VL18/19"]
[Site "Mecklenburg-Vorpommern"]
[Date "2019.02.24"]
[Round "6.6"]
[White "Vladov, Mark"]
[Black "Helms, Sven"]
[Result "0-1"]
[WhiteElo "1639"]
[BlackElo "1913"]
[PlyCount "88"]
[EventDate "2018.??.??"]
[EventType "team-tourn"]
[EventRounds "9"]
[EventCountry "GER"]
[WhiteTeam "SFO Warnemuende"]
[BlackTeam "SF Schwerin II"]
[WhiteTeamCountry "GER"]
[BlackTeamCountry "GER"]

1. Nf3 Nf6 2. g3 e6 3. d4 d5 4. Bg2 Be7 5. O-O O-O 6. Nbd2 c5 7. dxc5 Bxc5 8.
c4 Nc6 9. cxd5 exd5 10. Nb3 Bb6 11. Nbd4 Qe7 12. a3 Bg4 13. h3 Bxf3 14. Nxf3
Rfe8 15. e3 Rad8 16. Nd4 Ne4 17. Kh2 Qf6 18. f3 Nd6 19. Nxc6 bxc6 20. Re1 Nf5
21. f4 Nxe3 22. Bxe3 Rxe3 23. Rxe3 Bxe3 24. Qc2 c5 25. Rd1 h5 26. f5 h4 27. g4
Qe5+ 28. Kh1 Bd4 29. b3 Qg3 30. Qd3 Qf4 31. Rf1 Qe5 32. g5 Be3 33. g6 Qd4 34.
Qe2 f6 35. Qh5 Bh6 36. Rd1 Qe5 37. Qf3 d4 38. Qd3 Re8 39. Rf1 Qe2 40. Bd5+ Kf8
41. Qb1 Re3 42. Bg2 Rg3 43. Rg1 Bf4 44. Qf1 Rxh3+ 0-1

[Event "VL18/19"]
[Site "Mecklenburg-Vorpommern"]
[Date "2019.02.24"]
[Round "6.7"]
[White "Kross, Gunnar"]
[Black "Fenske, Harald"]
[Result "1/2-1/2"]
[WhiteElo "1933"]
[BlackElo "1583"]
[PlyCount "72"]
[EventDate "2018.??.??"]
[EventType "team-tourn"]
[EventRounds "9"]
[EventCountry "GER"]
[WhiteTeam "SF Schwerin II"]
[BlackTeam "SFO Warnemuende"]
[WhiteTeamCountry "GER"]
[BlackTeamCountry "GER"]

1. d4 d5 2. c4 e6 3. Nc3 Nf6 4. Nf3 Be7 5. Bg5 O-O 6. e3 h6 7. Bh4 Nc6 8. Rc1
a6 9. a3 Nh7 10. Bxe7 Nxe7 11. Bd3 Nf6 12. O-O Bd7 13. e4 dxe4 14. Nxe4 Nxe4
15. Bxe4 c6 16. Ne5 Be8 17. Rc3 f5 18. Bb1 Ng6 19. Re1 Nxe5 20. Rxe5 Bf7 21.
Ba2 Qf6 22. f4 Rad8 23. Rd3 Rfe8 24. b4 Kh7 25. Qe1 b5 26. Qc3 Rc8 27. Rc5 Red8
28. cxb5 axb5 29. Re5 Rd6 30. g3 Rcd8 31. Kf2 g5 32. Qd2 g4 33. Ke3 h5 34. Bb3
Ra8 35. Qc1 Qd8 36. Rc5 Qb6 1/2-1/2